Central Library OPAC University of Rajshahi

World water balance and water resources of the earth / (Record no. 68025)

MARC details
000 -LEADER
fixed length control field 01320nam a2200337 a 4500
001 - CONTROL NUMBER
control field 68025
003 - CONTROL NUMBER IDENTIFIER
rucl marc code BD-RjUL
005 - DATE AND TIME OF LATEST TRANSACTION
control field 20211209081725.0
008 - FIXED-LENGTH DATA ELEMENTS--GENERAL INFORMATION
fixed length control field 790223s1978 fr abf b i001 0 eng
020 ## - INTERNATIONAL STANDARD BOOK NUMBER
International Standard Book Number 9231014978
035 ## - SYSTEM CONTROL NUMBER
System control number (BD-RjUL)68234
System control number (OCoLC)04701149
System control number GLIS00069228
040 ## - CATALOGING SOURCE
Original cataloging agency DLC
Transcribing agency DLC
Modifying agency MYG
Language of cataloging eng
041 ## - LANGUAGE CODE
Language code of text/sound track or separate title eng
082 ## - DEWEY DECIMAL CLASSIFICATION NUMBER
Edition number 23
Classification number 553.7
Author mark and year WOR 1978
099 ## - LOCAL FREE-TEXT CALL NUMBER (OCLC)
Bangla Class number GB665.M6513
245 00 - TITLE STATEMENT
Title World water balance and water resources of the earth /
Statement of responsibility, etc. edited by V. I. Korzun... [et al]
260 ## - PUBLICATION, DISTRIBUTION, ETC. (IMPRINT)
Place of publication, distribution, etc. Paris :
Name of publisher, distributor, etc. Unesco,
Date of publication, distribution, etc. c1978.
300 ## - PHYSICAL DESCRIPTION
Pagination 663 p.:
Illustrations ill. ;
Size 25 cm.
490 1# - SERIES STATEMENT
Series statement Studies and reports in hydrology ;
Volume/sequential designation 25
500 ## - GENERAL NOTE
General note At head of title: Chief administration of the hydrometeorological service under the Council of ministers of the USSR. USSR Committee for the International Hydrological Decade.
General note Translation of Mirovoi vodnyi balans i vodnye resursy Zemli.
504 ## - BIBLIOGRAPHY, ETC. NOTE
Bibliography, etc Bibliography: p. 625-[657]
650 #0 - SUBJECT ADDED ENTRY--TOPICAL TERM
Topical term or geographic name as entry element Water balance (Hydrology)
9 (RLIN) 201634
700 1# - ADDED ENTRY--PERSONAL NAME
Personal name Korzun, V. I.
Fuller form of name (Valentin Ignat\02B9evich)
710 2# - ADDED ENTRY--CORPORATE NAME
Corporate name or jurisdiction name as entry element Mezhduvedomstvennyi komitet SSSR po mezhdunarodnomu gidrologicheskomu desi\0361atiletii\0361u.
9 (RLIN) 201636
830 #0 - SERIES ADDED ENTRY--UNIFORM TITLE
Uniform title Studies and reports in hydrology ;
Volume number/sequential designation 25.
942 ## - ADDED ENTRY ELEMENTS (KOHA)
Source of classification or shelving scheme Dewey Decimal Classification
Koha item type Books
Holdings
Lost status Source of classification or shelving scheme Damaged status Not for loan Collection code Permanent Location Current Location Shelving location Date acquired Source of acquisition Total Checkouts Full call number Date last seen Copy number Koha item type
  Dewey Decimal Classification   Not For Loan Non-fiction Central Library, University of Rajshahi Central Library, University of Rajshahi Reading Room 05/06/1982 Unesco   553.7 WOR 1978 30/03/2017 C-1 Books